000
00321nam a22001457a 4500
008
210603b ||||| |||| 00| 0 eng d
020
_a
9780073226385
041
_a
eng
080
_a
330.322
082
_a
330.322
100
_a
60
101
_a
INV
245
_a
Essentials of Investments
_c
Bodie,Z
942
_2
udc
_c
BK
999
_c
57942
_d
57942